| 000 | 00627nam a22002175i 4500 | ||
|---|---|---|---|
| 999 |
_c124278 _d124278 |
||
| 001 | 20909329 | ||
| 005 | 20211011092155.0 | ||
| 008 | 190328s2019 cau 000 0 eng | ||
| 020 | _a9781526490674 (pbk. : alk. paper) | ||
| 020 | _a9781526490681 (hardcover : alk. paper) | ||
| 040 | _cPK-LaUMT | ||
| 082 |
_a657.072 _bSMI-R |
||
| 100 | 1 | _aSmith, Malcolm | |
| 245 | 1 | 0 |
_aResearch methods in accounting / _cby Malcolm Smith |
| 250 | _a5th ed. | ||
| 260 |
_aLos Angeles : _bSage Publications, _c2020 |
||
| 300 | _a332 p. | ||
| 650 | _aAccounting - Research | ||
| 650 | _aAccounting-Research-Methodology | ||
| 942 | _cBK | ||